000 00667nam a2200289Ia 4500
005 20260324130545.0
008 008 260324s9999 xx 000 0 eng d
020 _a9781315701981
037 _aEBOOK
040 _aCRL
040 _beng
040 _cCRL
041 _2eng
041 _aeng
084 _qCRL
100 _aJohn B. Miner
_91171592
245 0 _aOrganizational Behavior 4
245 0 _bFrom Theory to Practice
260 _bTaylor and Francis
260 _c2007
365 _a
365 _b350
856 _uhttp://www.taylorfrancis.com/books/9781315701981
942 _cEBOOK
999 _c1778505
_d1778505